Normal view
MARC view
Entry Personal Name
001 - CONTROL NUMBER
- control field: 87216
003 - CONTROL NUMBER IDENTIFIER
- control field: dpl
005 - DATE AND TIME OF LATEST TRANSACTION
- control field: 20260209122425.0
008 - FIXED-LENGTH DATA ELEMENTS
- fixed length control field: 260209|| aca||aabn | a|a d
040 ## - CATALOGING SOURCE
- Original cataloging agency: dpl
- Transcribing agency: dpl
100 ## - HEADING--PERSONAL NAME
- Personal name: Pandey, Jhumur
670 ## - SOURCE DATA FOUND
- Source citation: Work cat.: (dpl)214744: Pandey, Jhumur, Deceit Brought Us To Assam And Other Stories From The Barak Valley/, 2025
